[Event "MCR druzstev mladsich zaku 2016"]
[Site "Hradec Kralove"]
[Date "2016.06.12"]
[Round "5.1"]
[White "Stalmach (BSS F-M \"B\"), Richard"]
[Black "Krejcok (BSS F-M \"A\"), Tobias"]
[Result "0-1"]
[BlackElo "1794"]
[WhiteElo "1843"]
[LiveChessVersion "1.4.8"]

1. d4 {[%clk 0:25:19]} Nf6 {[%clk 0:25:17]} 2. c4 {[%clk 0:25:28]} e6
{[%clk 0:25:25]} 3. Nf3 {[%clk 0:25:37]} d5 {[%clk 0:25:30]} 4. g3
{[%clk 0:25:45]} Nbd7 {[%clk 0:25:14]} 5. b3 {[%clk 0:25:46]} Ne4
{[%clk 0:22:27]} 6. Bg2 {[%clk 0:24:55]} Be7 {[%clk 0:21:45]} 7. O-O
{[%clk 0:24:57]} O-O {[%clk 0:21:52]} 8. Qc2 {[%clk 0:24:16]} c6 {[%clk 0:21:52]}
9. Nbd2 {[%clk 0:24:11]} f5 {[%clk 0:21:35]} 10. Bb2 {[%clk 0:22:17]} Qc7
{[%clk 0:17:07]} 11. Ne5 {[%clk 0:21:27]} Nxe5 {[%clk 0:16:40]} 12. dxe5
{[%clk 0:21:35]} Bd7 {[%clk 0:15:15]} 13. f3 {[%clk 0:20:39]} Qb6+
{[%clk 0:15:04]} 14. Kh1 {[%clk 0:20:14]} Nf2+ {[%clk 0:15:04]} 15. Rxf2
{[%clk 0:20:20]} Qxf2 {[%clk 0:15:09]} 16. Qd3 {[%clk 0:18:24]} Qb6
{[%clk 0:14:00]} 17. e4 {[%clk 0:17:49]} fxe4 {[%clk 0:13:36]} 18. fxe4
{[%clk 0:17:58]} Rad8 {[%clk 0:12:53]} 19. exd5 {[%clk 0:16:02]} exd5
{[%clk 0:12:42]} 20. cxd5 {[%clk 0:15:33]} cxd5 {[%clk 0:12:49]} 21. Bxd5+
{[%clk 0:13:01]} Be6 {[%clk 0:12:55]} 22. Bxe6+ {[%clk 0:12:32]} Qxe6
{[%clk 0:13:03]} 23. Qc4 {[%clk 0:12:00]} Qxc4 {[%clk 0:12:45]} 24. Nxc4
{[%clk 0:12:08]} Rf2 {[%clk 0:12:42]} 25. Kg1 {[%clk 0:11:36]} Bc5
{[%clk 0:12:22]} 26. Kh1 {[%clk 0:11:13]} b5 {[%clk 0:12:23]} 27. Ba3
{[%clk 0:11:22]} Bxa3 {[%clk 0:12:20]} 28. Nxa3 {[%clk 0:11:31]} a6
{[%clk 0:11:40]} 29. e6 {[%clk 0:10:23]} Re2 {[%clk 0:11:20]} 30. Rc1
{[%clk 0:08:33]} Rxe6 {[%clk 0:11:22]} 31. Rc2 {[%clk 0:08:41]} Rde8
{[%clk 0:11:21]} 32. Kg1 {[%clk 0:08:07]} Re2 {[%clk 0:10:53]} 33. Kf1
{[%clk 0:08:12]} Rxc2 {[%clk 0:10:54]} 34. Nxc2 {[%clk 0:08:20]} Rc8
{[%clk 0:10:51]} 35. Ne3 {[%clk 0:08:19]} Rc1+ {[%clk 0:10:55]} 36. Ke2
{[%clk 0:07:13]} Ra1 {[%clk 0:11:04]} 37. Kd2 {[%clk 0:06:54]} Rxa2+
{[%clk 0:11:10]} 38. Nc2 {[%clk 0:07:03]} a5 {[%clk 0:10:53]} 39. Kc3
{[%clk 0:04:30]} b4+ {[%clk 0:10:53]} 40. Kd3 {[%clk 0:04:03]} Rb2
{[%clk 0:10:58]} 41. Nd4 {[%clk 0:04:03]} Rxh2 {[%clk 0:11:05]} 42. Kc4
{[%clk 0:03:04]} Kf7 {[%clk 0:10:43]} 43. Kb5 {[%clk 0:03:12]} Rh5+
{[%clk 0:10:50]} 44. Kb6 {[%clk 0:03:15]} Rg5 {[%clk 0:10:53]} 45. Ne2
{[%clk 0:02:46]} Re5 {[%clk 0:10:39]} 46. Nd4 {[%clk 0:02:36]} Re3
{[%clk 0:10:37]} 47. g4 {[%clk 0:02:07]} Rd3 {[%clk 0:10:33]} 48. Kc5
{[%clk 0:01:43]} Kf6 {[%clk 0:10:27]} 49. Kc4 {[%clk 0:01:37]} Rg3
{[%clk 0:10:25]} 50. Kb5 {[%clk 0:01:26]} Rxg4 {[%clk 0:10:32]} 51. Nf3
{[%clk 0:01:34]} Rf4 {[%clk 0:10:24]} 52. Nd2 {[%clk 0:01:38]} Rf5+
{[%clk 0:10:28]} 53. Kc4 {[%clk 0:01:41]} h5 {[%clk 0:10:34]} 54. Ne4+
{[%clk 0:01:50]} Ke5 {[%clk 0:10:36]} 55. Ng3 {[%clk 0:01:59]} Rg5
{[%clk 0:10:40]} 56. Nf1 {[%clk 0:02:07]} h4 {[%clk 0:10:45]} 57. Nh2
{[%clk 0:02:16]} Kf4 {[%clk 0:10:45]} 58. Nf1 {[%clk 0:02:23]} h3
{[%clk 0:10:49]} 59. Kd3 {[%clk 0:02:28]} Rg2 {[%clk 0:10:53]} 60. Ne3
{[%clk 0:02:24]} Rg3 {[%clk 0:11:00]} 61. Kd2 {[%clk 0:02:30]} Rxe3
{[%clk 0:11:08]} 62. Kc2 {[%clk 0:02:39]} h2 {[%clk 0:11:16]} 63. Kd2
{[%clk 0:02:44]} h1=Q {[%clk 0:11:23]} 64. Kc2 {[%clk 0:02:53]} Qg2+
{[%clk 0:11:30]} 65. Kd1 {[%clk 0:03:02]} Rf3 {[%clk 0:11:32]} 0-1

[Event "MCR druzstev mladsich zaku 2016"]
[Site "Hradec Kralove"]
[Date "2016.06.12"]
[Round "5.2"]
[White "Mica (BSS F-M \"A\"), Marek"]
[Black "Nytra (BSS F-M \"B\"), Ondrej"]
[Result "1/2-1/2"]
[BlackElo "1773"]
[WhiteElo "1859"]
[LiveChessVersion "1.4.8"]

1. d4 {[%clk 0:25:17]} d5 {[%clk 0:25:18]} 2. c4 {[%clk 0:25:25]} c6
{[%clk 0:25:24]} 3. Nc3 {[%clk 0:25:33]} Nf6 {[%clk 0:25:34]} 4. Nf3
{[%clk 0:25:41]} e6 {[%clk 0:25:42]} 5. Bf4 {[%clk 0:25:49]} Nbd7
{[%clk 0:25:46]} 6. e3 {[%clk 0:25:57]} Be7 {[%clk 0:25:54]} 7. Rc1
{[%clk 0:26:05]} O-O {[%clk 0:26:00]} 8. Bd3 {[%clk 0:26:13]} dxc4
{[%clk 0:26:08]} 9. Bxc4 {[%clk 0:26:20]} b5 {[%clk 0:26:18]} 10. Bd3
{[%clk 0:26:29]} a6 {[%clk 0:26:23]} 11. O-O {[%clk 0:26:36]} Bb7
{[%clk 0:26:32]} 12. Ne5 {[%clk 0:26:35]} c5 {[%clk 0:26:27]} 13. Nxd7
{[%clk 0:26:42]} Qxd7 {[%clk 0:26:34]} 14. dxc5 {[%clk 0:26:43]} Bxc5
{[%clk 0:26:36]} 15. Be2 {[%clk 0:26:50]} Rad8 {[%clk 0:26:42]} 16. Qxd7 Rxd7 17.
Rfd1 {[%clk 0:26:36]} Rfd8 {[%clk 0:26:47]} 18. Rxd7 {[%clk 0:26:42]} Rxd7
{[%clk 0:26:54]} 19. Rd1 {[%clk 0:26:49]} Rxd1+ {[%clk 0:26:52]} 20. Bxd1
{[%clk 0:26:57]} Nd5 {[%clk 0:26:56]} 21. Nxd5 {[%clk 0:27:00]} Bxd5
{[%clk 0:27:02]} 22. a3 {[%clk 0:26:52]} b4 {[%clk 0:26:58]} 23. axb4
{[%clk 0:26:49]} Bxb4 {[%clk 0:27:07]} 24. Be2 {[%clk 0:26:49]} a5
{[%clk 0:27:16]} 25. Bb5 {[%clk 0:26:32]} Kf8 {[%clk 0:27:15]} 26. Kf1
{[%clk 0:26:36]} f6 {[%clk 0:27:23]} 27. f3 {[%clk 0:26:38]} Bd2 {[%clk 0:27:17]}
28. Bd6+ {[%clk 0:26:47]} Kf7 {[%clk 0:27:23]} 29. e4 {[%clk 0:26:49]} Bb3
{[%clk 0:27:24]} 30. Ke2 {[%clk 0:26:52]} Bc1 {[%clk 0:27:21]} 31. Ba3
{[%clk 0:26:55]} Kg6 {[%clk 0:27:14]} 32. g3 {[%clk 0:26:45]} f5 {[%clk 0:26:47]}
33. exf5+ {[%clk 0:26:50]} exf5 {[%clk 0:26:54]} 34. Bd3 {[%clk 0:26:34]} Kf6
{[%clk 0:26:57]} 35. f4 {[%clk 0:26:29]} g6 {[%clk 0:27:00]} 36. Bb5
{[%clk 0:26:11]} g5 {[%clk 0:26:41]} 37. fxg5+ {[%clk 0:25:36]} Bxg5
{[%clk 0:26:19]} 38. Bc5 {[%clk 0:24:58]} Ke5 {[%clk 0:25:54]} 39. Be3
{[%clk 0:25:03]} Bf6 {[%clk 0:25:31]} 40. Bd2 {[%clk 0:24:57]} Kd5
{[%clk 0:24:38]} 41. Bxa5 {[%clk 0:24:55]} Bxb2 {[%clk 0:24:37]} 42. Bd3
{[%clk 0:24:54]} Ke6 {[%clk 0:24:38]} 43. Bd2 {[%clk 0:24:55]} Bd4
{[%clk 0:24:40]} 44. Be3 {[%clk 0:25:00]} Be5 {[%clk 0:24:27]} 45. Kf2
{[%clk 0:24:55]} Bd5 {[%clk 0:24:33]} 46. Be2 {[%clk 0:24:56]} Kf6
{[%clk 0:24:01]} 47. Bf3 {[%clk 0:25:03]} Bxf3 {[%clk 0:23:53]} 48. Kxf3
{[%clk 0:25:11]} Kg6 {[%clk 0:23:56]} 49. Bf4 {[%clk 0:25:14]} Bd4
{[%clk 0:23:34]} 50. h3 {[%clk 0:24:54]} Bc5 {[%clk 0:23:33]} 51. g4
{[%clk 0:25:00]} fxg4+ {[%clk 0:23:35]} 52. hxg4 {[%clk 0:25:08]} h5
{[%clk 0:23:39]} 53. gxh5+ {[%clk 0:24:46]} Kxh5 {[%clk 0:23:46]} 54. Ke4 1/2-1/2

[Event "MCR druzstev mladsich zaku 2016"]
[Site "Hradec Kralove"]
[Date "2016.06.12"]
[Round "5.3"]
[White "Frank (BSS F-M \"B\"), Adam"]
[Black "Gnojek (BSS F-M \"A\"), Petr"]
[Result "1-0"]
[BlackElo "1748"]
[WhiteElo "1815"]
[LiveChessVersion "1.4.8"]

1. e4 {[%clk 0:25:18]} c5 {[%clk 0:25:19]} 2. Nf3 {[%clk 0:25:27]} Nc6
{[%clk 0:25:28]} 3. d4 {[%clk 0:25:36]} cxd4 {[%clk 0:25:36]} 4. Nxd4
{[%clk 0:25:45]} g6 {[%clk 0:25:45]} 5. Nc3 {[%clk 0:25:54]} Bg7 {[%clk 0:25:53]}
6. Be3 {[%clk 0:26:03]} Nf6 {[%clk 0:26:00]} 7. Be2 {[%clk 0:26:12]} O-O
{[%clk 0:26:03]} 8. Nb3 {[%clk 0:26:20]} d6 {[%clk 0:25:51]} 9. g4
{[%clk 0:26:29]} Ne5 {[%clk 0:24:41]} 10. g5 {[%clk 0:26:37]} Ne8
{[%clk 0:22:56]} 11. f4 {[%clk 0:26:39]} Nc6 {[%clk 0:22:41]} 12. Qd2
{[%clk 0:26:47]} Be6 {[%clk 0:22:03]} 13. h4 {[%clk 0:26:46]} f5 {[%clk 0:20:17]}
14. gxf6 Nxf6 {[%clk 0:20:13]} 15. O-O-O {[%clk 0:26:40]} Rc8 {[%clk 0:18:46]}
16. h5 {[%clk 0:26:36]} Nb4 {[%clk 0:17:58]} 17. Kb1 {[%clk 0:26:06]} a5
{[%clk 0:17:47]} 18. a4 {[%clk 0:25:43]} Rxc3 {[%clk 0:17:35]} 19. Qxc3
{[%clk 0:23:03]} Nxe4 {[%clk 0:17:03]} 20. Qe1 {[%clk 0:22:57]} Nxc2
{[%clk 0:14:46]} 21. Kxc2 {[%clk 0:21:33]} Qc7+ {[%clk 0:14:52]} 22. Kb1
{[%clk 0:21:41]} Bxb3 23. Rc1 {[%clk 0:21:18]} Qd7 {[%clk 0:13:21]} 24. Bb5
{[%clk 0:20:20]} Qf5 {[%clk 0:12:32]} 25. Ka1 {[%clk 0:19:44]} Qf6
{[%clk 0:12:21]} 26. Rh2 {[%clk 0:19:19]} d5 {[%clk 0:11:39]} 27. hxg6
{[%clk 0:17:47]} Qd6 {[%clk 0:11:29]} 28. Kb1 {[%clk 0:17:29]} Qxg6
{[%clk 0:11:23]} 29. Ka1 {[%clk 0:17:11]} Qd6 {[%clk 0:10:47]} 30. Kb1
{[%clk 0:17:13]} e5 {[%clk 0:10:17]} 31. f5 {[%clk 0:14:10]} d4 {[%clk 0:09:16]}
32. Qh4 {[%clk 0:10:54]} Nf6 {[%clk 0:09:03]} 33. Bg5 {[%clk 0:10:46]} Qe7
{[%clk 0:06:09]} 34. Rg1 {[%clk 0:08:04]} Bd5 {[%clk 0:03:45]} 35. Bxf6
{[%clk 0:05:04]} Rxf6 {[%clk 0:03:31]} 36. Qxh7+ {[%clk 0:05:01]} Kf8
{[%clk 0:03:40]} 37. Rc1 {[%clk 0:02:28]} Be4+ {[%clk 0:03:25]} 38. Ka1
{[%clk 0:02:37]} Bxf5 {[%clk 0:03:32]} 39. Qh5 {[%clk 0:02:18]} e4
{[%clk 0:01:49]} 40. Rhc2 {[%clk 0:02:05]} Qd8 {[%clk 0:00:59]} 41. Rc7
{[%clk 0:01:32]} d3 {[%clk 0:00:36]} 42. Rh1 {[%clk 0:01:28]} Bh7
{[%clk 0:00:15]} 43. Rxg7 {[%clk 0:01:21]} d2 {[%clk 0:00:12]} 44. Rxh7
{[%clk 0:01:25]} d1=Q+ 45. Rxd1 {[%clk 0:01:24]} Qb8 {[%clk 0:00:00]} 1-0

[Event "MCR druzstev mladsich zaku 2016"]
[Site "Hradec Kralove"]
[Date "2016.06.12"]
[Round "5.4"]
[White "Vantuch (BSS F-M \"A\"), Lucian"]
[Black "Odstrcil (BSS F-M \"B\"), Lukas"]
[Result "1/2-1/2"]
[BlackElo "1520"]
[WhiteElo "1736"]
[LiveChessVersion "1.4.8"]

1. e4 {[%clk 0:25:18]} e6 {[%clk 0:25:19]} 2. d4 {[%clk 0:25:27]} d5
{[%clk 0:25:24]} 3. Nd2 {[%clk 0:25:36]} c5 {[%clk 0:25:33]} 4. c3
{[%clk 0:25:44]} Nc6 {[%clk 0:25:33]} 5. Ngf3 {[%clk 0:25:53]} Nf6
{[%clk 0:25:27]} 6. Bd3 {[%clk 0:26:00]} Be7 {[%clk 0:25:20]} 7. O-O
{[%clk 0:26:02]} O-O {[%clk 0:25:02]} 8. Re1 {[%clk 0:25:59]} Qc7
{[%clk 0:24:37]} 9. Nf1 {[%clk 0:25:53]} cxd4 {[%clk 0:22:26]} 10. Nxd4
{[%clk 0:25:40]} Nxd4 {[%clk 0:22:25]} 11. cxd4 {[%clk 0:25:48]} Bb4
{[%clk 0:21:56]} 12. Bd2 {[%clk 0:25:43]} Bxd2 {[%clk 0:21:52]} 13. Nxd2
{[%clk 0:25:51]} Kh8 {[%clk 0:21:34]} 14. Rc1 {[%clk 0:25:19]} Qd8
{[%clk 0:21:24]} 15. e5 {[%clk 0:24:59]} Ng8 {[%clk 0:21:26]} 16. Re3
{[%clk 0:23:28]} f5 {[%clk 0:19:58]} 17. exf6 {[%clk 0:23:08]} Rxf6
{[%clk 0:19:27]} 18. Rh3 {[%clk 0:22:40]} Rh6 {[%clk 0:18:51]} 19. Rxh6
{[%clk 0:22:24]} Nxh6 {[%clk 0:18:07]} 20. Qc2 {[%clk 0:22:15]} Nf5
{[%clk 0:17:37]} 21. Nf3 {[%clk 0:21:37]} Bd7 {[%clk 0:17:29]} 22. Ne5
{[%clk 0:20:37]} Qe8 {[%clk 0:17:31]} 23. Bxf5 {[%clk 0:19:16]} Rc8
{[%clk 0:15:41]} 24. Nf7+ {[%clk 0:18:21]} Kg8 {[%clk 0:15:19]} 25. Bxh7+
{[%clk 0:18:20]} Kf8 {[%clk 0:15:27]} 26. Qd2 {[%clk 0:16:47]} Rxc1+
{[%clk 0:15:27]} 27. Qxc1 {[%clk 0:16:56]} Qxf7 {[%clk 0:15:30]} 28. Qc5+
{[%clk 0:16:55]} Ke8 {[%clk 0:15:31]} 29. Bd3 {[%clk 0:15:29]} Qh5
{[%clk 0:15:20]} 30. Qxa7 {[%clk 0:15:03]} b5 {[%clk 0:15:23]} 31. Qb8+
{[%clk 0:14:29]} Ke7 {[%clk 0:15:26]} 32. Bxb5 {[%clk 0:13:50]} Bxb5
{[%clk 0:15:34]} 33. Qxb5 {[%clk 0:13:58]} Qd1+ {[%clk 0:15:42]} 34. Qf1
{[%clk 0:14:07]} Qxd4 {[%clk 0:15:50]} 35. Qe2 {[%clk 0:13:55]} Qc5
{[%clk 0:15:55]} 36. h3 {[%clk 0:13:56]} Qc1+ {[%clk 0:15:59]} 37. Kh2
{[%clk 0:14:04]} Qc7+ {[%clk 0:16:06]} 38. g3 {[%clk 0:14:05]} Qa5
{[%clk 0:16:12]} 39. b3 {[%clk 0:14:00]} d4 {[%clk 0:16:17]} 40. Kg2
{[%clk 0:13:53]} Qa8+ {[%clk 0:16:02]} 41. Kg1 {[%clk 0:13:42]} Kd6
{[%clk 0:16:00]} 42. Qc4 {[%clk 0:13:35]} e5 {[%clk 0:15:49]} 43. b4
{[%clk 0:13:04]} Qf3 {[%clk 0:15:37]} 44. Qc5+ {[%clk 0:12:19]} Ke6
{[%clk 0:15:45]} 45. Qc8+ {[%clk 0:09:42]} Kd6 {[%clk 0:15:21]} 46. Qd8+
{[%clk 0:09:50]} Ke6 {[%clk 0:15:26]} 47. Qe8+ {[%clk 0:09:58]} Kd6
{[%clk 0:15:32]} 48. Qd8+ {[%clk 0:10:07]} Ke6 {[%clk 0:15:36]} 1/2-1/2

[Event "MCR druzstev mladsich zaku 2016"]
[Site "Hradec Kralove"]
[Date "2016.06.12"]
[Round "5.5"]
[White "Dudova (BSS F-M \"B\"), Pavlina"]
[Black "Fizerova (BSS F-M \"A\"), Lucie"]
[Result "0-1"]
[BlackElo "1496"]
[WhiteElo "1472"]
[LiveChessVersion "1.4.8"]

1. e4 c5 2. Nf3 {[%clk 0:25:25]} Nc6 {[%clk 0:25:29]} 3. d4 {[%clk 0:25:34]} cxd4
{[%clk 0:25:38]} 4. Nxd4 {[%clk 0:25:42]} Nf6 {[%clk 0:25:46]} 5. Nc3
{[%clk 0:25:50]} e5 {[%clk 0:25:55]} 6. Nb3 {[%clk 0:25:56]} d6 {[%clk 0:26:02]}
7. Be3 {[%clk 0:25:53]} Be7 {[%clk 0:26:05]} 8. Be2 {[%clk 0:25:49]} O-O
{[%clk 0:26:12]} 9. O-O {[%clk 0:25:55]} Be6 {[%clk 0:26:03]} 10. f3
{[%clk 0:25:53]} d5 {[%clk 0:25:51]} 11. exd5 {[%clk 0:25:44]} Nxd5
{[%clk 0:25:57]} 12. Nxd5 {[%clk 0:25:46]} Bxd5 {[%clk 0:26:04]} 13. c4
{[%clk 0:24:54]} Be6 {[%clk 0:26:12]} 14. Qxd8 {[%clk 0:24:59]} Raxd8
{[%clk 0:26:21]} 15. Nc5 {[%clk 0:24:16]} Bc8 {[%clk 0:25:58]} 16. Rad1
{[%clk 0:23:54]} f5 {[%clk 0:26:00]} 17. Nb3 {[%clk 0:22:34]} b6 {[%clk 0:21:39]}
18. c5 {[%clk 0:21:37]} bxc5 {[%clk 0:21:09]} 19. Bxc5 {[%clk 0:21:25]} Bxc5+
{[%clk 0:21:13]} 20. Nxc5 {[%clk 0:21:31]} Nd4 {[%clk 0:21:10]} 21. Bc4+
{[%clk 0:21:22]} Kh8 {[%clk 0:21:09]} 22. Rfe1 {[%clk 0:18:18]} Rfe8
{[%clk 0:21:00]} 23. Nd3 {[%clk 0:15:34]} e4 {[%clk 0:20:24]} 24. fxe4
{[%clk 0:15:25]} fxe4 {[%clk 0:20:32]} 25. Nf4 {[%clk 0:14:48]} e3
{[%clk 0:20:15]} 26. Rd3 {[%clk 0:13:38]} Nf5 {[%clk 0:19:02]} 27. Red1
{[%clk 0:11:11]} Rxd3 {[%clk 0:18:38]} 28. Rxd3 {[%clk 0:11:15]} g6
{[%clk 0:18:00]} 29. Rd1 {[%clk 0:10:14]} Bb7 {[%clk 0:16:59]} 30. Re1
{[%clk 0:08:59]} Re4 {[%clk 0:16:44]} 31. Nd5 {[%clk 0:08:09]} Rxc4
{[%clk 0:16:39]} 32. Nxe3 {[%clk 0:08:13]} Re4 {[%clk 0:16:42]} 33. Kf2
{[%clk 0:08:13]} Rb4 {[%clk 0:15:48]} 34. Nxf5 {[%clk 0:07:44]} gxf5
{[%clk 0:15:51]} 35. b3 {[%clk 0:07:39]} Kg7 {[%clk 0:15:43]} 36. Re7+
{[%clk 0:07:41]} Kg6 {[%clk 0:15:52]} 37. Re6+ {[%clk 0:07:41]} Kf7
{[%clk 0:15:55]} 38. Rd6 {[%clk 0:07:39]} Bc8 {[%clk 0:14:02]} 39. Rc6
{[%clk 0:07:44]} Bb7 {[%clk 0:14:04]} 40. Rc7+ {[%clk 0:07:52]} Kg6
{[%clk 0:14:11]} 41. Rd7 {[%clk 0:07:55]} Rb6 {[%clk 0:13:58]} 42. g3
{[%clk 0:07:35]} h5 {[%clk 0:14:01]} 43. h4 {[%clk 0:07:40]} Kf6 {[%clk 0:15:56]}
44. Ke3 {[%clk 0:07:39]} Re6+ {[%clk 0:16:03]} 45. Kf2 {[%clk 0:07:38]} Rb6
{[%clk 0:15:41]} 46. Ke3 {[%clk 0:07:37]} Re6+ {[%clk 0:15:24]} 47. Kf2
{[%clk 0:07:40]} Be4 {[%clk 0:14:25]} 48. Rxa7 {[%clk 0:07:36]} Rc6
{[%clk 0:14:29]} 49. a4 {[%clk 0:07:01]} Rc2+ {[%clk 0:14:30]} 50. Ke3
{[%clk 0:07:03]} Rc3+ {[%clk 0:14:39]} 51. Kd4 {[%clk 0:07:08]} Rxb3
{[%clk 0:14:35]} 52. Ra6+ {[%clk 0:07:13]} Kg7 {[%clk 0:14:40]} 53. Ra7+
{[%clk 0:07:09]} Kg8 {[%clk 0:14:39]} 54. a5 {[%clk 0:06:51]} Rxg3
{[%clk 0:14:43]} 55. Rd7 {[%clk 0:06:49]} Rg4 {[%clk 0:14:32]} 56. Rd8+
{[%clk 0:06:53]} Kg7 {[%clk 0:14:39]} 57. Rd7+ {[%clk 0:06:59]} Kf6
{[%clk 0:14:37]} 58. a6 {[%clk 0:07:02]} Bc6+ {[%clk 0:14:39]} 59. Kc5
{[%clk 0:07:09]} Bxd7 {[%clk 0:14:46]} 60. a7 {[%clk 0:07:16]} Ra4
{[%clk 0:14:54]} 61. Kb6 {[%clk 0:07:24]} Rxa7 {[%clk 0:15:02]} 62. Kxa7
{[%clk 0:07:32]} f4 {[%clk 0:15:11]} 63. Kb6 {[%clk 0:07:38]} f3 {[%clk 0:15:20]}
64. Kc7 {[%clk 0:07:46]} Bg4 {[%clk 0:15:28]} 65. Kd6 {[%clk 0:07:54]} f2
{[%clk 0:15:37]} 66. Kd5 {[%clk 0:08:00]} f1=Q {[%clk 0:15:45]} 67. Kd4
{[%clk 0:08:06]} Qd1+ {[%clk 0:15:51]} 68. Kc5 {[%clk 0:08:09]} Qd3
{[%clk 0:15:58]} 69. Kc6 {[%clk 0:08:10]} Bf3+ {[%clk 0:16:06]} 70. Kc5
{[%clk 0:08:17]} Qd5+ {[%clk 0:16:15]} 71. Kb4 {[%clk 0:08:22]} Ke5
{[%clk 0:16:19]} 72. Kc3 {[%clk 0:08:28]} Qd4+ {[%clk 0:16:28]} 73. Kb3
{[%clk 0:08:29]} Bd5+ {[%clk 0:16:37]} 74. Kc2 {[%clk 0:08:34]} Ke4
{[%clk 0:16:45]} 75. Kc1 {[%clk 0:08:38]} Ke3 {[%clk 0:16:52]} 76. Kc2
{[%clk 0:08:46]} Be4+ {[%clk 0:17:01]} 77. Kc1 {[%clk 0:08:53]} Qd2# 0-1

[Event "MCR druzstev mladsich zaku 2016"]
[Site "Hradec Kralove"]
[Date "2016.06.12"]
[Round "5.6"]
[White "Fizer (BSS F-M \"A\"), Marek"]
[Black "Vasinek (BSS F-M \"B\"), Martin"]
[Result "1-0"]
[BlackElo "1425"]
[WhiteElo "1522"]
[LiveChessVersion "1.4.8"]

1. e4 {[%clk 0:25:16]} c5 {[%clk 0:25:17]} 2. Nf3 {[%clk 0:25:22]} Nc6
{[%clk 0:25:25]} 3. d4 {[%clk 0:25:26]} cxd4 {[%clk 0:25:30]} 4. Nxd4
{[%clk 0:25:28]} g6 {[%clk 0:25:37]} 5. Nc3 {[%clk 0:25:30]} Bg7 {[%clk 0:25:43]}
6. Be3 {[%clk 0:25:36]} d6 {[%clk 0:25:48]} 7. f3 {[%clk 0:25:38]} Nf6
{[%clk 0:25:51]} 8. Qd2 {[%clk 0:25:29]} Bd7 {[%clk 0:25:53]} 9. g4
{[%clk 0:25:30]} h5 {[%clk 0:25:17]} 10. g5 {[%clk 0:25:28]} Nh7 {[%clk 0:25:16]}
11. O-O-O {[%clk 0:25:21]} a6 {[%clk 0:25:22]} 12. f4 Nf8 {[%clk 0:21:35]} 13. f5
{[%clk 0:24:04]} gxf5 {[%clk 0:20:59]} 14. exf5 {[%clk 0:24:11]} Nxd4
{[%clk 0:20:17]} 15. Bxd4 {[%clk 0:24:18]} Bxd4 {[%clk 0:19:46]} 16. Qxd4
{[%clk 0:24:25]} Rg8 {[%clk 0:19:31]} 17. Qe4 {[%clk 0:23:46]} Bc6
{[%clk 0:19:32]} 18. Nd5 {[%clk 0:23:50]} Bxd5 {[%clk 0:19:25]} 19. Qxd5
{[%clk 0:23:24]} Qc7 {[%clk 0:18:26]} 20. g6 {[%clk 0:22:27]} Rg7
{[%clk 0:18:13]} 21. Bc4 {[%clk 0:20:39]} f6 {[%clk 0:18:10]} 22. Rhe1
{[%clk 0:19:54]} Rc8 {[%clk 0:18:13]} 23. Bb3 {[%clk 0:19:52]} Rd8
{[%clk 0:17:28]} 24. Qd4 {[%clk 0:19:52]} Nd7 {[%clk 0:17:11]} 25. Qf4
{[%clk 0:19:18]} Ne5 {[%clk 0:16:46]} 26. Qh6 {[%clk 0:19:24]} e6
{[%clk 0:16:31]} 27. Qh8+ {[%clk 0:19:28]} Kd7 {[%clk 0:16:34]} 28. Qxg7+
{[%clk 0:19:35]} Kc8 {[%clk 0:16:39]} 29. Qxc7+ {[%clk 0:19:37]} Kxc7
{[%clk 0:16:47]} 30. fxe6 {[%clk 0:19:40]} Nxg6 {[%clk 0:16:51]} 31. e7
{[%clk 0:19:44]} Re8 {[%clk 0:16:58]} 32. Bf7 {[%clk 0:19:43]} Rxe7
{[%clk 0:17:01]} 33. Bxg6 {[%clk 0:19:32]} Rg7 {[%clk 0:17:00]} 34. Rg1
{[%clk 0:18:55]} b5 {[%clk 0:16:59]} 35. Bxh5 {[%clk 0:18:49]} Rh7
{[%clk 0:17:07]} 36. Bf3 {[%clk 0:18:24]} Rxh2 {[%clk 0:17:12]} 37. Rg7+
{[%clk 0:18:33]} Kb6 {[%clk 0:17:21]} 38. Rxd6+ {[%clk 0:18:38]} Ka5
{[%clk 0:17:30]} 39. a3 {[%clk 0:18:34]} Rf2 {[%clk 0:17:35]} 40. b4+
{[%clk 0:18:31]} Ka4 {[%clk 0:17:42]} 41. Rxa6# 1-0

[Event "MCR druzstev mladsich zaku 2016"]
[Site "Hradec Kralove"]
[Date "2016.06.12"]
[Round "5.7"]
[White "Vojta (Polabiny A), Jakub"]
[Black "Lhotska (OAZA), Anna"]
[Result "1-0"]
[BlackElo "1490"]
[WhiteElo "1967"]
[LiveChessVersion "1.4.8"]

1. e4 {[%clk 0:25:18]} c5 {[%clk 0:25:18]} 2. Nc3 {[%clk 0:25:27]} d6
{[%clk 0:25:25]} 3. f4 {[%clk 0:25:36]} Nf6 {[%clk 0:25:25]} 4. Nf3
{[%clk 0:25:45]} e6 {[%clk 0:25:26]} 5. g3 {[%clk 0:25:25]} Be7 {[%clk 0:25:23]}
6. Bg2 {[%clk 0:25:29]} Nc6 {[%clk 0:25:21]} 7. d3 {[%clk 0:25:38]} Bd7
{[%clk 0:25:23]} 8. O-O {[%clk 0:25:35]} O-O {[%clk 0:25:22]} 9. h3
{[%clk 0:25:44]} Qc7 {[%clk 0:24:57]} 10. g4 {[%clk 0:25:46]} h6 {[%clk 0:24:13]}
11. Ne2 {[%clk 0:25:21]} Nh7 {[%clk 0:23:17]} 12. f5 {[%clk 0:24:53]} exf5
{[%clk 0:22:58]} 13. gxf5 {[%clk 0:24:37]} Bf6 {[%clk 0:21:27]} 14. Nf4
{[%clk 0:24:30]} Nd4 {[%clk 0:20:42]} 15. Nd5 {[%clk 0:24:28]} Nxf3+
{[%clk 0:20:44]} 16. Bxf3 {[%clk 0:24:22]} Bd4+ {[%clk 0:20:46]} 17. Kh1
{[%clk 0:24:11]} Qd8 {[%clk 0:20:30]} 18. c3 {[%clk 0:24:12]} Bf6
{[%clk 0:20:11]} 19. Rg1 {[%clk 0:23:41]} Kh8 {[%clk 0:20:04]} 20. Bf4
{[%clk 0:22:00]} Be5 {[%clk 0:18:25]} 21. Bxe5 {[%clk 0:20:44]} dxe5
{[%clk 0:18:30]} 22. Qe1 {[%clk 0:19:01]} Rg8 {[%clk 0:15:55]} 23. Bh5
{[%clk 0:18:42]} Be8 {[%clk 0:14:48]} 24. Qg3 {[%clk 0:17:35]} Nf6
{[%clk 0:11:04]} 25. Bf3 {[%clk 0:15:52]} Nxd5 {[%clk 0:09:54]} 26. exd5
{[%clk 0:15:36]} Qf6 {[%clk 0:09:15]} 27. Rae1 {[%clk 0:15:10]} Qxf5
{[%clk 0:08:20]} 28. Bg4 {[%clk 0:15:10]} Qf4 {[%clk 0:07:33]} 29. Rxe5
{[%clk 0:15:06]} Qxg3 {[%clk 0:07:15]} 30. Rxg3 {[%clk 0:15:15]} Rd8
{[%clk 0:07:11]} 31. c4 {[%clk 0:14:47]} f6 {[%clk 0:06:15]} 32. Re7
{[%clk 0:14:38]} Rb8 {[%clk 0:05:45]} 33. Be6 {[%clk 0:14:19]} Rf8
{[%clk 0:04:56]} 34. Rgxg7 {[%clk 0:14:27]} Bf7 {[%clk 0:03:55]} 35. Rgxf7
{[%clk 0:14:25]} Rxf7 {[%clk 0:03:59]} 36. Rxf7 {[%clk 0:14:33]} b5
{[%clk 0:03:57]} 37. d6 {[%clk 0:14:19]} bxc4 {[%clk 0:03:53]} 38. Bxc4
{[%clk 0:14:25]} Rd8 {[%clk 0:04:00]} 39. d7 {[%clk 0:14:30]} a5 {[%clk 0:03:49]}
40. Kg2 {[%clk 0:14:38]} a4 {[%clk 0:03:54]} 41. Kf3 {[%clk 0:14:47]} a3
{[%clk 0:04:01]} 42. b3 {[%clk 0:14:57]} f5 {[%clk 0:04:08]} 43. Kf4
{[%clk 0:14:52]} h5 {[%clk 0:04:16]} 44. Ke5 {[%clk 0:14:57]} h4 {[%clk 0:04:21]}
45. Kd6 {[%clk 0:15:06]} f4 {[%clk 0:04:27]} 46. Rxf4 {[%clk 0:15:13]} Kh7
{[%clk 0:04:27]} 47. Ke7 {[%clk 0:15:20]} Rb8 {[%clk 0:04:30]} 48. d8=Q
{[%clk 0:15:19]} Rxd8 {[%clk 0:04:38]} 49. Kxd8 {[%clk 0:15:28]} Kg6
{[%clk 0:04:44]} 50. d4 {[%clk 0:15:34]} cxd4 {[%clk 0:04:52]} 51. Rxd4
{[%clk 0:15:43]} Kg5 {[%clk 0:04:59]} 52. Rg4+ {[%clk 0:15:51]} Kh5
{[%clk 0:05:06]} 53. Bf7+ {[%clk 0:15:58]} Kh6 {[%clk 0:05:14]} 54. Ke7
{[%clk 0:16:07]} Kh7 {[%clk 0:05:22]} 55. Kf6 {[%clk 0:16:16]} Kh8
{[%clk 0:05:31]} 56. Rxh4# 1-0